<?xml version='1.0' encoding='UTF-8'?>
  <record xmlns="http://www.loc.gov/MARC21/slim">
    <leader>00000cam a22000007i 4500</leader>
    <controlfield tag="001">on1338014768</controlfield>
    <controlfield tag="003">OCoLC</controlfield>
    <controlfield tag="005">20231213210205.5</controlfield>
    <controlfield tag="008">220801m15841587gw            001 0 ger d</controlfield>
    <datafield tag="040" ind1=" " ind2=" ">
      <subfield code="a">QGJ</subfield>
      <subfield code="b">eng</subfield>
      <subfield code="e">rda</subfield>
      <subfield code="e">dcrmr</subfield>
      <subfield code="c">QGJ</subfield>
      <subfield code="d">QGJ</subfield>
      <subfield code="d">OCLCO</subfield>
      <subfield code="d">OCLCL</subfield>
    </datafield>
    <datafield tag="066" ind1=" " ind2=" ">
      <subfield code="c">(S</subfield>
    </datafield>
    <datafield tag="035" ind1=" " ind2=" ">
      <subfield code="a">(OCoLC)1338014768</subfield>
    </datafield>
    <datafield tag="041" ind1="1" ind2=" ">
      <subfield code="a">ger</subfield>
      <subfield code="h">lat</subfield>
    </datafield>
    <datafield tag="100" ind1="1" ind2=" ">
      <subfield code="a">Eytzinger, Michael,</subfield>
      <subfield code="d">-1598,</subfield>
      <subfield code="e">author.</subfield>
      <subfield code="4">aut</subfield>
      <subfield code="1">https://id.oclc.org/worldcat/entity/E39PBJjmQWMhp9XqdDpkkPHV4q</subfield>
    </datafield>
    <datafield tag="240" ind1="1" ind2="0">
      <subfield code="a">Ad Hispaniae et Hungariae reges ter maximos de leone Belgico.</subfield>
      <subfield code="l">German</subfield>
    </datafield>
    <datafield tag="245" ind1="1" ind2="0">
      <subfield code="a">Niderländische Beschreibung in Hochdeutsch, und historischer weiss gestelt, auff den Belgischen Löwen, der sibenzehn Provintzen dess gantzen Niderlandts, was sich darinnen zugetragen hat, vom Jahr 1559. bis auff gegenwürtiges 1584. Jahr /</subfield>
      <subfield code="c">Durch Michaëlem Eyzingerum Austriacum.</subfield>
    </datafield>
    <datafield tag="246" ind1="3" ind2=" ">
      <subfield code="a">Niderlendischer Beschreybung , der Ander theil, welcher, vber die Sieben Graffschafften (dauon der erst theil tractiert) aud die vier Hertzoghthumb des Belgischen Löwen begreifft, sampt derselben Stette, vnd was sich fürnemblich darjn zugetragen, vom Jar 1559. biß auff diese gegenwertige zeit vnd Jar, 1585</subfield>
    </datafield>
    <datafield tag="264" ind1=" " ind2="1">
      <subfield code="3">Vol. 1</subfield>
      <subfield code="a">Gedruckt in der Keys. des H. Röm. Reichs Statt Cöllen am Rhein, :</subfield>
      <subfield code="b">bey Gerhart von Campen.,</subfield>
      <subfield code="c">Im Jar 1584</subfield>
    </datafield>
    <datafield tag="264" ind1=" " ind2="1">
      <subfield code="3">Vol. 2</subfield>
      <subfield code="a">Gedruckt in de Keyserlichen Reichs Statt Cölln, :</subfield>
      <subfield code="b">Bey Herman Ossenbrugk..</subfield>
      <subfield code="c">Im Jar 1585.</subfield>
    </datafield>
    <datafield tag="264" ind1=" " ind2="1">
      <subfield code="3">Vol. 3</subfield>
      <subfield code="a">Gedruckt in der Keyserlichen Reichs Statt Cölln, :</subfield>
      <subfield code="b">Bey Gerhardt von Campen, in verlegung Heinrich Nettesem,</subfield>
      <subfield code="c">1587.</subfield>
    </datafield>
    <datafield tag="300" ind1=" " ind2=" ">
      <subfield code="a">3 volumes ([8], 183; 184-338, [5]; [339]-467 pages ;</subfield>
      <subfield code="c">20 cm (4to)</subfield>
    </datafield>
    <datafield tag="336" ind1=" " ind2=" ">
      <subfield code="a">text</subfield>
      <subfield code="b">txt</subfield>
      <subfield code="2">rdacontent</subfield>
    </datafield>
    <datafield tag="337" ind1=" " ind2=" ">
      <subfield code="a">unmediated</subfield>
      <subfield code="b">n</subfield>
      <subfield code="2">rdamedia</subfield>
    </datafield>
    <datafield tag="338" ind1=" " ind2=" ">
      <subfield code="a">volume</subfield>
      <subfield code="b">nc</subfield>
      <subfield code="2">rdacarrier</subfield>
    </datafield>
    <datafield tag="340" ind1=" " ind2=" ">
      <subfield code="m">4to</subfield>
      <subfield code="2">rdabf</subfield>
    </datafield>
    <datafield tag="500" ind1=" " ind2=" ">
      <subfield code="a">3 parts with separate title pages and signing, but with continuous paging.</subfield>
    </datafield>
    <datafield tag="500" ind1=" " ind2=" ">
      <subfield code="a">Signatures: vol. 1: A-Z⁴ a⁴; vol. 2: A-V⁴; O2 missigned N2; vol. 3: A⁴ ²A⁴ C-P⁴ O².</subfield>
    </datafield>
    <datafield tag="500" ind1=" " ind2=" ">
      <subfield code="a">Vol. 2 entitled: Niderlendischer Beschreybung , der Ander theil, welcher, vber die Sieben Graffschafften (dauon der erst theil tractiert) auch die vier Hertzoghthumb des Belgischen Löwen begreifft, sampt derselben Stette, vnd was sich fürnemblich darjn zugetragen, vom Jar 1559. biß auff diese gegenwertige zeit vnd Jar, 1585</subfield>
    </datafield>
    <datafield tag="500" ind1=" " ind2=" ">
      <subfield code="a">Vol. 3 entitled: Niderlendischer Beschreibung, der dritte theyl, Welcher (vber die Sieben Graffschafften, vnd vier Hertzogthumb) Auch die funff Landtschafften, oder Dominia begreiffet, Samt den furnemsten Stäten, vnd darin gelegnen Flecken, vnd was sich darin  zugetragen, vom Jar nach Chisit gebuert 1559. biß auffs Jar, 1588.</subfield>
    </datafield>
    <datafield tag="500" ind1=" " ind2=" ">
      <subfield code="a">Imprint vol. 2: Gedruckt in de Keyserlichen Reichs Statt Cölln, Bey Herman Ossenbrugk.. Im Jar 1585.</subfield>
    </datafield>
    <datafield tag="500" ind1=" " ind2=" ">
      <subfield code="a">Colophon vol. 2: Zu Cölln, Bey Heinrich Nettessem, in Margarden Gasse.</subfield>
    </datafield>
    <datafield tag="510" ind1="4" ind2=" ">
      <subfield code="a">Verzeichnis der im deutschen Sprachbereich erschienenen Drucke des 16. Jahrhunderts (VD 16),</subfield>
      <subfield code="c">E 4772</subfield>
    </datafield>
    <datafield tag="651" ind1=" " ind2="0">
      <subfield code="a">Belgium</subfield>
      <subfield code="x">History.</subfield>
    </datafield>
    <datafield tag="651" ind1=" " ind2="0">
      <subfield code="a">Netherlands</subfield>
      <subfield code="x">History.</subfield>
    </datafield>
    <datafield tag="651" ind1=" " ind2="6">
      <subfield code="a">Belgique</subfield>
      <subfield code="x">Histoire.</subfield>
    </datafield>
    <datafield tag="651" ind1=" " ind2="6">
      <subfield code="a">Pays-Bas</subfield>
      <subfield code="x">Histoire.</subfield>
    </datafield>
    <datafield tag="651" ind1=" " ind2="7">
      <subfield code="a">Belgium</subfield>
      <subfield code="2">fast</subfield>
      <subfield code="1">https://id.oclc.org/worldcat/entity/E39QbtfRBTwKRX6RVxHCgVWBGB</subfield>
    </datafield>
    <datafield tag="651" ind1=" " ind2="7">
      <subfield code="a">Netherlands</subfield>
      <subfield code="2">fast</subfield>
      <subfield code="1">https://id.oclc.org/worldcat/entity/E39PBJk4D96j3YTHJQfHCV3vpP</subfield>
    </datafield>
    <datafield tag="655" ind1=" " ind2="7">
      <subfield code="a">Early works</subfield>
      <subfield code="2">fast</subfield>
    </datafield>
    <datafield tag="655" ind1=" " ind2="7">
      <subfield code="a">History</subfield>
      <subfield code="2">fast</subfield>
    </datafield>
    <datafield tag="700" ind1="1" ind2=" ">
      <subfield code="a">Kempen, Gerhard von,</subfield>
      <subfield code="d">active 1582-1591,</subfield>
      <subfield code="e">printer.</subfield>
      <subfield code="4">prt</subfield>
      <subfield code="1">https://id.oclc.org/worldcat/entity/E39PCjwkpfQ7D993hGpdvpKRgC</subfield>
    </datafield>
    <datafield tag="700" ind1="1" ind2=" ">
      <subfield code="a">Ossenbrügge, Hermann,</subfield>
      <subfield code="d">active 1574-1585,</subfield>
      <subfield code="e">printer.</subfield>
      <subfield code="4">prt</subfield>
    </datafield>
    <datafield tag="700" ind1="1" ind2=" ">
      <subfield code="a">Nettesheim, Heinrich,</subfield>
      <subfield code="d">active 1585-1598,</subfield>
      <subfield code="e">printer.</subfield>
      <subfield code="4">prt</subfield>
    </datafield>
    <datafield tag="700" ind1="0" ind2=" ">
      <subfield code="a">Ernest,</subfield>
      <subfield code="c">of Bavaria, Archbishop and Elector of Cologne,</subfield>
      <subfield code="d">1554-1612,</subfield>
      <subfield code="e">dedicatee.</subfield>
      <subfield code="4">dte</subfield>
      <subfield code="1">https://id.oclc.org/worldcat/entity/E39PBJgcYcGCTdfwqYfpMr4cyd</subfield>
    </datafield>
    <datafield tag="752" ind1=" " ind2=" ">
      <subfield code="a">Germany</subfield>
      <subfield code="d">Cologne</subfield>
      <subfield code="2">naf</subfield>
      <subfield code="e">publication place.</subfield>
      <subfield code="4">pup</subfield>
    </datafield>
    <datafield tag="880" ind1="3" ind2=" ">
      <subfield code="6">246-00/(S</subfield>
      <subfield code="a">Niderlendischer Beschreibung, der dritte theyl, Welcher (vber die Sieben Graffschafften, vnd vier Hertzogthumb) Auch die funff Landtschafften, oder Dominia begreiffet, Samt den furnemsten Stäten, vnd darin gelegnen Flecken, vnd was sich darin  zugetragen, vom Jar nach Chisit gebuert 1559. biβ auffs Jar, 1588</subfield>
    </datafield>
  </record>